000 00815pab a2200193 454500
008 180718b2002 xxu||||| |||| 00| 0 eng d
100 _aDavid, G. Shourie
245 _aBt Cotton: farmers' reactions
260 _c2002
300 _ap.4601-602.
362 _a16 Nov
520 _aA field study in Andhra Pradesh elicited the views of farmers in two districts in the state on the efficacy of Bt cotton in withstanding pest attacks, use of pesticides, compliance with government norms, and farmers' willingness to continue with cultivation of Bt cotton in the coming seasons. - Reproduced.
650 _aBiotechnology - India - Andhra Pradesh
650 _aCotton picking - India - Andhra Pradesh
650 _aCotton
700 _aSai, Y.V.S.T.
773 _aEconomic and Political Weekly
909 _a54516
999 _c54516
_d54516